000 00837nam a2200253 i 4500
001 000045802
003 DO-SdBNP
005 20250721074901.0
007 ta
008 150514s1981 dr a 000 0 spa d
040 _aDO-SdBNP
_bspa
_cBNPHU
_erda
082 _axxxx
_bP438
_222
100 1 _aPérez, Mario Emilio,
_d1935-
_922183
_eautor
_4aut.
245 1 0 _aEstampas dominicanas :
_b(Primera entrega) /
_cMario Emilio Pérez ; prólogo Juan José Ayuso.
264 1 _aSanto Domingo :
_bPublicaciones América,
_c1981.
300 _a149 páginas :
_bilustraciones ;
_c21 cm.
336 _atexto
_btxt
_2rdacontent
337 _asin mediación
_bn
_2rdamedia
338 _avolumen
_bnc
_2rdacarrier
590 _aInventariado, 2025/ YL
700 1 2 _aAyuso, Juan José,
_eprologuista
_914332
_4pr.
910 _aYLockward
942 _2ddc
_cLBS1
999 _c45291
_d45291